Sports Quiz

Random Sports or NBA Quiz

NBA Top 25 PPG Leaders (2006-2011) Quiz Stats

Quiz not verified by Sporcle

Challenge
Share
Tweet
Embed
Score 0/125 Timer 07:00
2 Plays Today
% Correct
Kobe Bryant
99.8%
Kobe Bryant
99.8%
Kobe Bryant
99.8%
Kobe Bryant
99.8%
Kobe Bryant
99.8%
LeBron James
99.7%
LeBron James
99.7%
LeBron James
99.7%
LeBron James
99.7%
LeBron James
99.7%
Carmelo Anthony
99.3%
Carmelo Anthony
99.3%
Carmelo Anthony
99.3%
Carmelo Anthony
99.3%
Carmelo Anthony
99.3%
Dwyane Wade
98%
Dwyane Wade
98%
Dwyane Wade
98%
Kevin Durant
98%
Kevin Durant
98%
Kevin Durant
98%
Kevin Durant
98%
Dirk Nowitzki
97.6%
Dirk Nowitzki
97.6%
Dirk Nowitzki
97.6%
Dirk Nowitzki
97.6%
Dirk Nowitzki
97.6%
Derrick Rose
95.9%
Derrick Rose
95.9%
Allen Iverson
95.9%
Allen Iverson
95.9%
Chris Bosh
95.4%
Chris Bosh
95.4%
Chris Bosh
95.4%
Chris Bosh
95.4%
Chris Bosh
95.4%
Ray Allen
95.3%
Amare Stoudemire
94.6%
Amare Stoudemire
94.6%
Amare Stoudemire
94.6%
Amare Stoudemire
94.6%
Dwight Howard
94.5%
% Correct
Dwight Howard
94.5%
Dwight Howard
94.5%
Kevin Garnett
94.2%
Josh Howard
94.2%
Gilbert Arenas
94%
Chris Paul
93.8%
Chris Paul
93.8%
Paul Pierce
93.5%
Paul Pierce
93.5%
Joe Johnson
93.5%
Joe Johnson
93.5%
Joe Johnson
93.5%
Joe Johnson
93.5%
David West
92.5%
David West
92.5%
David West
92.5%
David West
92.5%
Vince Carter
92.2%
Vince Carter
92.2%
Vince Carter
92.2%
Tim Duncan
91.9%
Tim Duncan
91.9%
Tracy McGrady
91.5%
Tracy McGrady
91.5%
Russell Westbrook
88.8%
Pau Gasol
88.2%
Michael Redd
87.8%
Michael Redd
87.8%
Deron Williams
87.6%
Danny Granger
87.5%
Danny Granger
87.5%
Danny Granger
87.5%
Brandon Roy
87.2%
Monta Ellis
86.6%
Monta Ellis
86.6%
Monta Ellis
86.6%
Tony Parker
86.5%
Blake Griffin
86.3%
Yao Ming
84.7%
Zach Randolph
84.4%
Zach Randolph
84.4%
Zach Randolph
84.4%
% Correct
Kevin Love
82.6%
Carlos Boozer
81.8%
Carlos Boozer
81.8%
Carlos Boozer
81.8%
LaMarcus Aldridge
81.1%
Richard Jefferson
80.4%
Richard Jefferson
80.4%
Al Jefferson
80.4%
Al Jefferson
80.4%
Kevin Martin
80.3%
Kevin Martin
80.3%
Kevin Martin
80.3%
Richard Hamilton
79.8%
Rudy Gay
78.7%
Rudy Gay
78.7%
Antawn Jamison
76%
Antawn Jamison
76%
Antawn Jamison
76%
Ben Gordon
75.7%
Ben Gordon
75.7%
David Lee
75.5%
Eddy Curry
74.2%
Baron Davis
73.8%
Elton Brand
73.1%
Chauncey Billups
72.8%
Brook Lopez
71.7%
Brook Lopez
71.7%
Stephen Jackson
68.2%
Jason Terry
64.3%
Tyreke Evans
64.1%
Andrea Bargnani
58.7%
Devin Harris
58.2%
Jason Richardson
55%
Chris Kaman
50%
Aaron Brooks
47.7%
Corey Maggette
47.2%
Corey Maggette
47.2%
Jamal Crawford
44.7%
Michael Beasley
42.9%
Al Harrington
34.3%
Ron Artest
28.2%

You're not logged in!

Compare scores with friends on all Sporcle quizzes.
Sign Up with Email
OR
Log In

You Might Also Like...

Show Comments

Extras

Top Quizzes Today


Score Distribution

Your Account Isn't Verified!

In order to create a playlist on Sporcle, you need to verify the email address you used during registration. Go to your Sporcle Settings to finish the process.